| 000 | 01367nam0a2200289 4500 | ||
|---|---|---|---|
| 001 | rc\2583689 | ||
| 005 | 20250623120909.0 | ||
| 035 | _a(NLR Aleph) 006748113 | ||
| 090 |
_a5715653 _c5715653 |
||
| 100 | _a20110914d1927 |||y0rusy50 ca | ||
| 101 | 1 |
_arus _cger |
|
| 102 | _aRU | ||
| 105 | _aa j 000yy | ||
| 200 | 1 |
_aЭлектротехнические измерительные приборы _eс 341 рис. в тексте _fК. Грун, инж. _gпер. с нем. инж.-электр. И. Б. Мандельштама |
|
| 210 |
_aМосква _cГосударственное техническое изд-во _d1927 _eЛенинград _gТипо-литография "Красный печатник" Гостехиздата |
||
| 215 |
_a172 с. _cил. _d27 |
||
| 225 | 1 |
_aИнженерно-промышленная библиотека _hБ. Серия 4 _v№ II-18 |
|
| 316 |
_aЭкз. РНБ: в переплете-папке _5NLR: 7/14-18 |
||
| 700 | 1 |
_aГрун _bК. _gКонрад |
|
| 702 | 1 |
_4730 _7ca _8rus _aМандельштам _bИ. Б. _f1885-1954 _gИсай Бенедиктович _9133045 _3RU\NLR\AUTH\770133079 |
|
| 801 | 0 |
_aRU _bNLR _gpsbo |
|
| 801 | 1 |
_aRU _bELAR _2rusmarc |
|
| 852 |
_aNLR _j7/14-18 |
||
| 942 | _cBOOK | ||
| 980 | _aNB | ||